{"text_format":"3","workbook":"xlsx","n_sheets":1,"sheets":["Sheet 1"],"read":"whole","date_system":"1900"}

{"sheet":"Sheet 1","index":0,"n_rows":51,"n_cols":12,"rows_kept":51}
["№","Предмет","Фамилия","Пол","Участник с ОВЗ (да/нет)","Класс обучения","Класс участия","Балл","Максимальный балл","Статус","Призёр муниципального этапа прошлого года","ФИО учителя"]
[1,"Биология","Галимуллин","М","нет",5,5,15.8,25,"победитель","нет","Абдрахманова Лира Ильдусовна"]
[2,"Биология","Абдулхакимов","М","нет",5,5,11.6,25,"призёр","нет","Абдрахманова Лира Ильдусовна"]
[3,"Биология","Гофман","М","нет",5,5,10.6,25,"призёр","нет","Абдрахманова Лира Ильдусовна"]
[4,"Биология","Есина","Ж","нет",5,5,10.6,25,"призёр","нет","Абдрахманова Лира Ильдусовна"]
[5,"Биология","Набиуллин","М","нет",5,5,10.4,25,"призёр","нет","Абдрахманова Лира Ильдусовна"]
[6,"Биология","Гарифуллина","Ж","нет",5,5,10.4,25,"призёр","нет","Абдрахманова Лира Ильдусовна"]
[7,"Биология","Абдуллина","Ж","нет",5,5,9.4,25,"участник","нет","Абдрахманова Лира Ильдусовна"]
[8,"Биология","Багауов","М","нет",5,5,9,25,"участник","нет","Абдрахманова Лира Ильдусовна"]
[9,"Биология","Гаффаров","М","нет",5,5,9,25,"участник","нет","Абдрахманова Лира Ильдусовна"]
[10,"Биология","Тагиров","М","нет",5,5,7.6,25,"участник","нет","Абдрахманова Лира Ильдусовна"]
[11,"Биология","Хабипов","М","нет",6,6,13.4,25,"победитель","нет","Абдрахманова Лира Ильдусовна"]
[12,"Биология","Хусаинова","Ж","нет",6,6,11.8,25,"призёр","нет","Абдрахманова Лира Ильдусовна"]
[13,"Биология","Бадыкшина","Ж","нет",6,6,11.4,25,"призёр","нет","Абдрахманова Лира Ильдусовна"]
[14,"Биология","Нурметова","Ж","нет",6,6,11,25,"призёр","нет","Абдрахманова Лира Ильдусовна"]
[15,"Биология","Валиев","М","нет",6,6,10.2,25,"участник","нет","Абдрахманова Лира Ильдусовна"]
[16,"Биология","Сибагатова","Ж","нет",6,6,6.8,25,"участник","нет","Абдрахманова Лира Ильдусовна"]
[17,"Биология","Данилова","Ж","нет",7,7,11.6,30,"призёр","нет","Абдрахманова Лира Ильдусовна"]
[18,"Биология","Полтев","М","нет",7,7,18,30,"победитель","нет","Колобова Елена Николаевна"]
[19,"Биология","Кутлиев","М","нет",7,7,16.4,30,"призёр","нет","Колобова Елена Николаевна"]
[20,"Биология","Дубовик","М","нет",7,7,15.2,30,"призёр","нет","Колобова Елена Николаевна"]
[21,"Биология","Шарафеева","Ж","нет",7,7,15,30,"призёр","нет","Колобова Елена Николаевна"]
[22,"Биология","Полтева","Ж","нет",7,7,13.8,30,"участник","нет","Колобова Елена Николаевна"]
[23,"Биология","Амирова","Ж","нет",7,7,12.2,30,"участник","нет","Колобова Елена Николаевна"]
[24,"Биология","Юсупова","Ж","нет",11,11,46.9,71,"победитель","нет","Колобова Елена Николаевна"]
[25,"Биология","Горожанкина","Ж","нет",11,11,29,71,"призёр","нет","Колобова Елена Николаевна"]
[26,"Биология","Нигматуллина","Ж","нет",11,11,19.8,71,"участник","нет","Колобова Елена Николаевна"]
[27,"Биология","Галимова","Ж","нет",11,11,18.1,71,"участник","нет","Колобова Елена Николаевна"]
[28,"Биология","Нафикова","Ж","нет",8,8,21,33,"победитель","нет","Абдрахманова Лира Ильдусовна"]
[29,"Биология","Шакирова","Ж","нет",8,8,14.6,33,"призёр","нет","Абдрахманова Лира Ильдусовна\t"]
[30,"Биология","Фейсханова","Ж","нет",8,8,14.1,33,"призёр","нет","Абдрахманова Лира Ильдусовна\t"]
[31,"Биология","Воронцова","Ж","нет",8,8,13.6,33,"призёр","нет","Абдрахманова Лира Ильдусовна"]
[32,"Биология","Камалова","Ж","нет",8,8,10.2,33,"призёр","нет","Абдрахманова Лира Ильдусовна"]
[33,"Биология","Алексеева","Ж","нет",8,8,10.1,33,"призёр","нет","Абдрахманова Лира Ильдусовна\t"]
[34,"Биология","Горбачева","Ж","нет",9,9,31.5,57,"победитель","нет","Абдрахманова Лира Ильдусовна"]
[35,"Биология","Шайдуллина","Ж","нет",9,9,29.5,57,"призёр","нет","Абдрахманова Лира Ильдусовна"]
[36,"Биология","Замилова","Ж","нет",9,9,29.5,57,"призёр","нет","Абдрахманова Лира Ильдусовна"]
[37,"Биология","Мустафина","Ж","нет",9,9,29.5,57,"призёр","нет","Абдрахманова Лира Ильдусовна"]
[38,"Биология","Павлочева","Ж","нет",9,9,29,57,"призёр","нет","Абдрахманова Лира Ильдусовна\t"]
[39,"Биология","Хайриева","Ж","нет",9,9,25.7,57,"призёр","нет","Абдрахманова Лира Ильдусовна\t"]
[40,"Биология","Самолетова","Ж","нет",9,9,24.7,57,"призёр","нет","Абдрахманова Лира Ильдусовна"]
[41,"Биология","Петрова","Ж","нет",9,9,24.5,57,"призёр","нет","Абдрахманова Лира Ильдусовна"]
[42,"Биология","Габдрахманов","М","нет",9,9,24.4,57,"призёр","нет","Абдрахманова Лира Ильдусовна"]
[43,"Биология","Кузина","Ж","нет",9,9,23.3,57,"призёр","нет","Абдрахманова Лира Ильдусовна"]
[44,"Биология","Яхина","Ж","нет",10,10,26,67,"призёр","нет","Абдрахманова Лира Ильдусовна"]
[45,"Биология","Абдумухтарова","Ж","нет",10,10,22.9,64,"призёр","да","Абдрахманова Лира Ильдусовна\t"]
[46,"Биология","Утякаева","Ж","нет",10,10,21.9,64,"призёр","нет","Абдрахманова Лира Ильдусовна"]
[47,"Биология","Стоматина","Ж","нет",10,10,21.9,64,"призёр","нет","Абдрахманова Лира Ильдусовна"]
[48,"Биология","Бугусынова","Ж","нет",10,10,20.8,64,"призёр","нет","Абдрахманова Лира Ильдусовна"]
[49,"Биология","Галиуллина","Ж","нет",9,9,25.3,57,"участник","нет","Абдрахманова Лира Ильдусовна"]
[50,"Биология","Нафикова","Ж","нет",9,9,23.7,57,"участник","нет","Абдрахманова Лира Ильдусовна"]